MARC details
| 000 -LEADER |
| fixed length control field |
02456cam a22003735a 4500 |
| 001 - CONTROL NUMBER |
| control field |
014865595 |
| 003 - CONTROL NUMBER IDENTIFIER |
| control field |
EG-ScBUE |
| 005 - DATE AND TIME OF LATEST TRANSACTION |
| control field |
20220426092832.0 |
| 008 - FIXED-LENGTH DATA ELEMENTS--GENERAL INFORMATION |
| fixed length control field |
090212s2009 enka f bf 001 0 eng d |
| 020 ## - INTERNATIONAL STANDARD BOOK NUMBER |
| International Standard Book Number |
9780521708241 (pbk.) |
| 020 ## - INTERNATIONAL STANDARD BOOK NUMBER |
| International Standard Book Number |
0521708249 (pbk.) |
| 040 ## - CATALOGING SOURCE |
| Original cataloging agency |
StDuBDS |
| Language of cataloging |
eng |
| Description conventions |
rda |
| Transcribing agency |
StDuBDS |
| Modifying agency |
Uk |
| -- |
EG-ScBUE |
| 041 1# - LANGUAGE CODE |
| Language code of text/sound track or separate title |
eng |
| Language code of original and/or intermediate translations of text |
swe |
| 082 04 - DEWEY DECIMAL CLASSIFICATION NUMBER |
| Classification number |
413.028 |
| Item number |
SVE |
| Edition number |
22 |
| 100 1# - MAIN ENTRY--PERSONAL NAME |
| Personal name |
Svensén, Bo, |
| Dates associated with a name |
1941- |
| Relator term |
author. |
| 9 (RLIN) |
41876 |
| 240 10 - UNIFORM TITLE |
| Uniform title |
<a href="Handbok i lexikografi.">Handbok i lexikografi.</a> |
| Language of a work |
English |
| 245 12 - TITLE STATEMENT |
| Title |
A handbook of lexicography : |
| Remainder of title |
the theory and practice of dictionary-making / |
| Statement of responsibility, etc |
Bo Svensen. |
| 264 #1 - PUBLICATION, DISTRIBUTION, ETC. (IMPRINT) |
| Place of publication, distribution, etc |
Cambridge : |
| Name of publisher, distributor, etc |
Cambridge University Press, |
| Date of publication, distribution, etc |
2009. |
| 300 ## - PHYSICAL DESCRIPTION |
| Extent |
xvi, 535 pages : |
| Other physical details |
illustrations ; |
| Dimensions |
25 cm |
| 336 ## - CONTENT TYPE |
| Source |
rdacontent |
| Content type term |
text |
| Content type code |
txt |
| 337 ## - MEDIA TYPE |
| Source |
rdamedia |
| Media type term |
unmediated |
| Media type code |
n |
| 338 ## - CARRIER TYPE |
| Source |
rdacarrier |
| Carrier type term |
volume |
| Carrier type code |
nc |
| 504 ## - BIBLIOGRAPHY, ETC. NOTE |
| Bibliography, etc |
Includes bibliographical references and index. |
| 505 0# - FORMATTED CONTENTS NOTE |
| Formatted contents note |
Lexicography --<br/>Types of dictionaries --<br/>Data collection and data selection --<br/>The dictionary as text --<br/>The lemma --<br/>Spelling and word division --<br/>Pronunciation --<br/>Morphology --<br/>Part-of-speech membership --<br/>Constructions --<br/>Collocations --<br/>Idioms and other fixed word combinations --<br/>Meaning description in monolingual dictionaries --<br/>Equivalents in bilingual dictionaries --<br/>Examples --<br/>Encyclopedic information --<br/>Illustrations --<br/>Marking --<br/>Etymology --<br/>Microstructure --<br/>Macrostructure --<br/>Megastructure --<br/>Cross-reference structure --<br/>Dictionary projects --<br/>Legal and ethical aspects --<br/>The electronic dictionary --<br/>Dictionary use --<br/>Dictionary criticism. |
| 520 ## - SUMMARY, ETC. |
| Summary, etc |
This is an important and practical guide to contemporary lexicography, designed for lexicographers, language students and teachers, translators and academics. It surveys types of dictionary, how different kinds of information are dealt with when compiling dictionaries, how this information is presented to users, and how dictionaries are actually used. |
| 650 #7 - SUBJECT ADDED ENTRY--TOPICAL TERM |
| Topical term or geographic name as entry element |
Lexicography |
| Form subdivision |
Handbooks, manuals, etc. |
| Source of heading or term |
BUEsh |
| 651 ## - SUBJECT ADDED ENTRY--GEOGRAPHIC NAME |
| Source of heading or term |
BUEsh |
| 653 ## - INDEX TERM--UNCONTROLLED |
| Resource For college |
Humanities: English |
| Arrived date list |
November2018 |
| 655 ## - INDEX TERM--GENRE/FORM |
| Form subdivision |
Reading book |
| 9 (RLIN) |
34232 |
| 856 42 - ELECTRONIC LOCATION AND ACCESS |
| Materials specified |
Contributor biographical information |
| Uniform Resource Identifier |
<a href="http://www.loc.gov/catdir/enhancements/fy0906/2009004686-b.html">http://www.loc.gov/catdir/enhancements/fy0906/2009004686-b.html</a> |
| 856 42 - ELECTRONIC LOCATION AND ACCESS |
| Materials specified |
Publisher description |
| Uniform Resource Identifier |
<a href="http://www.loc.gov/catdir/enhancements/fy0906/2009004686-d.html">http://www.loc.gov/catdir/enhancements/fy0906/2009004686-d.html</a> |
| 856 41 - ELECTRONIC LOCATION AND ACCESS |
| Materials specified |
Table of contents only |
| Uniform Resource Identifier |
<a href="http://www.loc.gov/catdir/enhancements/fy0906/2009004686-t.html">http://www.loc.gov/catdir/enhancements/fy0906/2009004686-t.html</a> |
| 942 ## - ADDED ENTRY ELEMENTS (KOHA) |
| Source of classification or shelving scheme |
Dewey Decimal Classification |
| Koha item type |
Book - Borrowing |